000
00291nam a22001337a 4500
008
180314b xxu||||| |||| 00| 0 eng d
020
_a
9780321277053
041
_a
eng
080
_a
82
100
_a
24
101
_a
gju
245
_a
the curious writer
_c
ballenger/b
942
_2
udc
_c
BK
999
_c
45014
_d
45014